Statistics for Guess the Taylor Swift song no hints #45

Click here to take the quiz!

General Stats

  • This quiz has been taken 56 times
  • The average score is 231 of 280

Answer Stats

Answer% Correct
a
100%
I
98%
You
98%
you
98%
And
96%
that
96%
the
96%
do
94%
don't
94%
me
94%
my
94%
on
94%
to
94%
your
94%
it
91%
we
91%
you're
91%
be
89%
for
89%
I'd
89%
is
89%
like
89%
Now
89%
what
89%
What
89%
(what
89%
when
89%
I'll
87%
men
87%
of
87%
she
87%
talk
87%
was
87%
Was
87%
have
85%
said
85%
were
85%
who
85%
with?
85%
With
85%
But
83%
Or
83%
say
83%
so
83%
this
83%
best
81%
called
81%
get
81%
mom
81%
off
81%
(off
81%
want
81%
you'd
81%
chest
79%
chest)
79%
from
79%
know
79%
think
79%
Did
77%
friend
77%
it's
77%
pretend
77%
am
74%
can't
74%
got
74%
how
74%
less
74%
more
74%
never
74%
new
74%
only
74%
rock
74%
acid
72%
back
72%
cost
72%
didn't
72%
ever
72%
had
72%
lost)
72%
lost
72%
though
72%
cannot
70%
has
70%
long
70%
myself
70%
part
70%
way
70%
went
70%
been
68%
better
68%
gave
68%
grew
68%
guess
68%
Guess
68%
hair
68%
home?
68%
icons
68%
Just
68%
just
68%
looks
68%
party
68%
pay
68%
price
68%
Red
68%
Remind
68%
tell
68%
even
66%
everybody
66%
friends
66%
heard
66%
important
66%
into
66%
sea
66%
thoughts
66%
crowd
64%
lives
64%
outside
64%
started
64%
trying
64%
mega-yacht
62%
miss
62%
old
62%
anxious
60%
change
60%
dignity
57%
maybe
57%
ways
57%
chasing
55%
left)
55%
left
55%
mystery
55%
turn
55%
weekends
55%
faded
51%
Platonic
51%
Shared
51%
shrouded
51%
Truth
51%
ended
49%
dinners
47%
(till
47%
till
47%

Score Distribution

Percentile by Number Answered

Percent of People with Each Score

Your Score History

You have not taken this quiz